| 000 | 00989cam a2200241 4500 | ||
|---|---|---|---|
| 001 | ABS62652 | ||
| 008 | 000000n2000 000 0 eng u | ||
| 035 | _a(Sirsi) u107187 | ||
| 100 | _aIllsley, B M | ||
| 245 | _aCollaborative planning for community agendas in Scotland? | ||
| 260 | _c2000 | ||
| 490 |
_aJournal of Planning and Environment Law _vJuly 2000, 678-683(6) |
||
| 520 | _aExamines the developing process of community planning in Scotland as an example of the collaborative planning approach. Considers community planning in the current policy context of the new constitutional agenda in Scotland, and looks to the future importance of planning in this political process. | ||
| 590 | _aABS | ||
| 650 | _aSCOTLAND | ||
| 650 | _aCOLLABORATIVE PLANNING | ||
| 650 | _aLOCAL AUTHORITIES | ||
| 650 | _aCOMMUNITY PLANNING | ||
| 650 | _aSCOTTISH PARLIAMENT | ||
| 690 | _aENVIRONMENTAL AND LAND CONSULTANCY-PLANNING AND DEVELOPMENT | ||
| 700 | _aLloyd, H G | ||
| 942 | _n0 | ||
| 999 |
_c64075 _d64075 |
||